000 00591cam a22002053a 4500
001 41240
003 PGUSA
005 20140828083929.0
008 121030s2012||||xxu|||||s|||||000 | eng d
040 _aPGUSA
_beng
042 _adc
100 1 _aVries, Paulina Jacoba Cohen-de
245 1 0 _aKinderen uit m'n klas
_h[electronic resource] /
_cPaulina Jacoba Cohen-de Vries
260 _bProject Gutenberg,
_c2012
506 _aPublic domain in the USA.
516 _aElectronic text
830 0 _aProject Gutenberg
_v41240
856 4 0 _uhttp://www.gutenberg.org/ebooks/41240
942 _cEB
999 _c270492
_d270492